Biggest Cities in Nepal on a Map - Statistics

General Stats
  • This quiz has been taken 459 times
    385 since last reset
  • The average score is 6 of 12
Answers on the Map
Answers color-coded by a green-red scale on the quiz's map according to % correct below.
 
Answer Stats
Population City % Correct
1,003,285 Kathmandu
100%
264,991 Pokhara
72%
226,728 Lalitpur
53%
204,949 Biratnagar
51%
139,068 Birgunj
45%
98,446 Janakpur
38%
147,777 Bharatpur
37%
85,653 Hetauda
37%
120,982 Butwal
35%
119,915 Dharan
35%
104,047 Dhangadhi
29%
106,666 Mahendranagar
25%
No matching quizzes found
Score Distribution
Percent of People with Each Score
Percentile by Number Answered
Your Score History
You have not taken this quiz since the last reset